[Event "8th HD Bank Cup 2018"]
[Site "Hanoi VIE"]
[Date "2018.03.13"]
[Round "6.57"]
[White "Kwon, Sehyun"]
[Black "Nguyen, Thi Thanh An"]
[Result "0-1"]
[WhiteTitle "CM"]
[BlackTitle "WGM"]
[WhiteElo "2169"]
[BlackElo "2274"]
[WhiteFideId "13203088"]
[BlackFideId "12400300"]
[EventDate "2018.03.10"]

1. e4 c5 2. Nf3 Nc6 3. Bb5 d6 4. O-O Bd7 5. Re1 Nf6 6. c3 a6 7. Bf1 Bg4 8. h3
Bxf3 9. Qxf3 g6 10. d3 Bg7 11. Be3 Nd7 12. Nd2 O-O 13. Qd1 b5 14. g3 Rb8 15. Bg2
Qc7 16. Qc2 Rfc8 17. f4 Nb6 18. Nf3 Na4 19. Rab1 Qd7 20. Bd2 Nb6 21. g4 a5 22.
Be3 a4 23. Qd2 b4 24. Rf1 a3 25. cxb4 axb2 26. bxc5 dxc5 27. e5 Na4 28. Rfd1 Nb4
29. f5 Rd8 30. Bh6 Qxd3 31. Qf4 Qxd1+ 32. Rxd1 Rxd1+ 33. Kh2 Nd5 34. Qg5 b1=Q 0-1

[Event "8th HD Bank Cup 2018"]
[Site "Hanoi VIE"]
[Date "2018.03.13"]
[Round "6.58"]
[White "Nguyen, Hoang Nam"]
[Black "Pham, Xuan Dat"]
[Result "0-1"]
[WhiteTitle "CM"]
[WhiteElo "2188"]
[BlackElo "2118"]
[WhiteFideId "12402133"]
[BlackFideId "12401307"]
[EventDate "2018.03.10"]

1. e4 c5 2. Nc3 Nc6 3. f4 g6 4. Nf3 Bg7 5. Bb5 Nh6 6. O-O O-O 7. Kh1 Nd4 8. Nxd4
cxd4 9. Ne2 d6 10. f5 gxf5 11. exf5 Bxf5 12. d3 Bg4 13. Qe1 Bxe2 14. Qxe2 Rc8
15. Bg5 Qa5 16. a4 a6 17. b4 Qxb4 18. Bc4 e6 19. Rab1 Qc5 20. Bxh6 Bxh6 21. Bxe6
fxe6 22. Qxe6+ Kg7 23. Rxb7+ Kh8 24. Rff7 Bg7 25. h4 Rxf7 26. Qxf7 Qe5 27. Re7
Rf8 28. Rxe5 Rxf7 29. Re8+ Rf8 30. Re7 Rf1+ 31. Kh2 Be5+ 32. Kh3 h5 0-1

[Event "8th HD Bank Cup 2018"]
[Site "Hanoi VIE"]
[Date "2018.03.13"]
[Round "6.59"]
[White "Jishitha, D"]
[Black "Nguyen, Hoai Nam"]
[Result "1-0"]
[WhiteTitle "WFM"]
[WhiteElo "2099"]
[BlackElo "2177"]
[WhiteFideId "35031660"]
[BlackFideId "12415880"]
[EventDate "2018.03.10"]

1. c4 c6 2. Nc3 d5 3. e3 Nf6 4. Nf3 g6 5. cxd5 Nxd5 6. h4 Bg7 7. h5 Nxc3 8. bxc3
Bg4 9. Qb3 Qb6 10. Ng5 Qxb3 11. axb3 h6 12. Ne4 g5 13. f3 Bc8 14. d4 b6 15. Bd3
a5 16. Kf2 Ba6 17. Bxa6 Nxa6 18. Bd2 Nc7 19. g4 O-O 20. Ng3 e6 21. Ra4 Rfd8 22.
Rha1 Bf8 23. Ke2 1-0

[Event "8th HD Bank Cup 2018"]
[Site "Hanoi VIE"]
[Date "2018.03.13"]
[Round "6.60"]
[White "Samant, Aditya S"]
[Black "Andyka, Pitra"]
[Result "1-0"]
[BlackTitle "FM"]
[WhiteElo "2107"]
[BlackElo "2265"]
[WhiteFideId "35080580"]
[BlackFideId "7103255"]
[EventDate "2018.03.10"]

1. e4 c5 2. Nf3 e6 3. d3 Nc6 4. g3 d5 5. Nbd2 Bd6 6. Bg2 Nge7 7. O-O O-O 8. Re1
b5 9. Nf1 Bc7 10. exd5 exd5 11. d4 c4 12. Ne5 Nxe5 13. dxe5 Be6 14. c3 Qd7 15.
Nd2 Rad8 16. Nf3 Bh3 17. Bxh3 Qxh3 18. Bg5 Qd7 19. Nd4 Rfe8 20. Bxe7 Rxe7 21. f4
Bb6 22. Kg2 a5 23. Qh5 Bxd4 24. cxd4 g6 25. Qg5 Rde8 26. Rf1 Qf5 27. Qxf5 gxf5
28. h3 h5 29. g4 fxg4 30. hxg4 hxg4 31. f5 f6 32. e6 Rg7 33. Kg3 Kf8 34. Rf4 Ke7
35. Rh1 Reg8 36. a3 Kd6 37. Rh6 Ke7 38. Rh1 c3 39. bxc3 Rc8 40. Rxg4 Rxc3+ 41.
Kf4 Rxg4+ 42. Kxg4 Rxa3 43. Rh7+ Kd6 44. Rd7+ Kc6 45. Rd8 Re3 46. Rc8+ Kb6 47.
Rb8+ Kc6 48. Rc8+ Kb7 49. Rc5 Re4+ 50. Kh5 Kb6 51. Kg6 a4 52. Rc8 a3 53. Rb8+
Kc6 54. Ra8 b4 55. Kxf6 Kb5 56. e7 Kc4 57. Ra4 Kb5 58. Ra8 Kc4 59. Ra4 Kb5 60.
Ra8 Kc4 61. Kf7 b3 62. Ra4+ Kb5 63. Rxa3 Kb4 64. Ra8 1-0

[Event "8th HD Bank Cup 2018"]
[Site "Hanoi VIE"]
[Date "2018.03.13"]
[Round "6.61"]
[White "Vatsal, Singhania"]
[Black "Vasilyev, Mikhail"]
[Result "1/2-1/2"]
[BlackTitle "IM"]
[WhiteElo "2090"]
[BlackElo "2141"]
[WhiteFideId "25033972"]
[BlackFideId "14101254"]
[EventDate "2018.03.10"]

1. e4 d6 2. d4 Nf6 3. Nc3 g6 4. f4 Bg7 5. Nf3 O-O 6. Bd3 Nc6 7. O-O Bg4 8. Ne2
e5 9. d5 Bxf3 10. Rxf3 Nd4 11. Nxd4 exd4 12. c3 dxc3 13. bxc3 Re8 14. Qc2 Qe7
15. Re3 c6 16. dxc6 bxc6 17. Re2 Nd7 18. Ba3 Qf6 19. Rf1 c5 20. Bb5 Re7 21. Rf3
Rc8 22. Bc1 Nb6 23. a4 Rd8 24. a5 Na8 25. e5 Qf5 26. exd6 Qxc2 27. dxe7 Qd1+ 28.
Rf1 Qxf1+ 29. Kxf1 Rd1+ 30. Kf2 Nc7 31. e8=Q+ Nxe8 32. Rxe8+ Bf8 1/2-1/2

[Event "8th HD Bank Cup 2018"]
[Site "Hanoi VIE"]
[Date "2018.03.13"]
[Round "6.62"]
[White "Thipsay, Bagyashree Sathe"]
[Black "Yee, Soon Wei"]
[Result "1/2-1/2"]
[WhiteTitle "WIM"]
[BlackTitle "FM"]
[WhiteElo "2000"]
[BlackElo "2263"]
[WhiteFideId "5001013"]
[BlackFideId "10500553"]
[EventDate "2018.03.10"]

1. e4 e5 2. Nf3 Nc6 3. Bc4 Bc5 4. d3 Nf6 5. O-O O-O 6. Nbd2 d6 7. c3 a5 8. Re1
Ba7 9. Nf1 Ne7 10. Ng3 Ng6 11. h3 c6 12. Bb3 h6 13. d4 Re8 14. Qc2 exd4 15. cxd4
d5 16. e5 Nh7 17. Be3 Ng5 18. Nxg5 hxg5 19. Nf5 a4 20. Bxa4 Bxf5 21. Qxf5 Bxd4
22. Bxg5 Qc8 23. Qc2 Rxe5 24. Rxe5 Bxe5 25. Bb3 Bf4 26. Bxf4 Nxf4 27. Re1 Qd7
28. Qd1 Re8 29. Bc2 g6 30. Kh2 Re6 31. Rxe6 Qxe6 32. Qd2 Qe5 33. g3 Ne6 34. Bd1
Qe4 35. Bc2 Qe5 36. Bd1 1/2-1/2

[Event "8th HD Bank Cup 2018"]
[Site "Hanoi VIE"]
[Date "2018.03.13"]
[Round "6.63"]
[White "Vaingorten, Yaaqov"]
[Black "Priyanka, K"]
[Result "1/2-1/2"]
[WhiteTitle "FM"]
[WhiteElo "2298"]
[BlackElo "2087"]
[WhiteFideId "2603918"]
[BlackFideId "5082986"]
[EventDate "2018.03.10"]

1. d4 Nf6 2. Bg5 d5 3. e3 e6 4. Nd2 Be7 5. Bd3 Nbd7 6. f4 c5 7. c3 b6 8. Ngf3
Ng4 9. Qe2 f5 10. O-O O-O 11. Kh1 Bb7 12. Bxe7 Qxe7 13. Ne5 Ngf6 14. Nxd7 Nxd7
15. Nf3 a6 16. Ne5 Nxe5 17. fxe5 Bc6 18. g4 g6 19. gxf5 gxf5 20. Rg1+ Kh8 21.
Qh5 c4 22. Bc2 Rg8 23. Qh6 Bd7 24. h4 Rxg1+ 25. Rxg1 Rg8 26. Rg5 Be8 27. Bd1
Rxg5 28. hxg5 Bg6 29. Kh2 Qg7 30. Qh4 Kg8 31. Kg3 Kf8 32. Kf2 Qf7 33. Ke1 Ke7
34. Kd2 Kd7 35. Be2 b5 36. Ke1 Kc7 37. Kf2 1/2-1/2

[Event "8th HD Bank Cup 2018"]
[Site "Hanoi VIE"]
[Date "2018.03.13"]
[Round "6.64"]
[White "Song, Yuxin"]
[Black "Swati, Ghate"]
[Result "1-0"]
[WhiteTitle "WCM"]
[BlackTitle "WGM"]
[WhiteElo "2067"]
[BlackElo "2249"]
[WhiteFideId "8614300"]
[BlackFideId "5003474"]
[EventDate "2018.03.10"]

1. e4 g6 2. d4 Bg7 3. Nc3 a6 4. a4 d6 5. Be3 Nc6 6. Qd2 e5 7. Nge2 Bd7 8. f3 Nf6
9. d5 Na7 10. Nc1 Nc8 11. b4 c6 12. Bc4 O-O 13. a5 Qc7 14. Qd3 Ne7 15. Bb6 Qb8
16. dxc6 bxc6 17. Nb3 Rc8 18. Rd1 1-0

[Event "8th HD Bank Cup 2018"]
[Site "Hanoi VIE"]
[Date "2018.03.14"]
[Round "7.1"]
[White "Wang, Hao"]
[Black "Le, Tuan Minh"]
[Result "1/2-1/2"]
[WhiteTitle "GM"]
[BlackTitle "IM"]
[WhiteElo "2713"]
[BlackElo "2489"]
[WhiteFideId "8602883"]
[BlackFideId "12401153"]
[EventDate "2018.03.10"]

1. e4 c5 2. Nf3 d6 3. d4 cxd4 4. Nxd4 Nf6 5. Nc3 g6 6. g3 Nc6 7. Bg2 Nxd4 8.
Qxd4 Bg7 9. O-O O-O 10. Qb4 Qc7 11. Re1 a5 12. Qb5 Bd7 13. Qe2 Bg4 14. Qb5 Bd7
15. Qe2 Bg4 16. Qd3 Be6 17. a4 Rfc8 18. e5 dxe5 19. Qb5 Ne8 20. Qxb7 Rab8 21.
Qxc7 Rxc7 22. Rd1 Nd6 23. Bd5 e4 24. Bxe6 fxe6 25. Nb5 Rxc2 26. Bf4 e3 27. Bxe3
Nxb5 28. axb5 Rxb5 29. Rd8+ Kf7 30. Ra8 1/2-1/2

[Event "8th HD Bank Cup 2018"]
[Site "Hanoi VIE"]
[Date "2018.03.14"]
[Round "7.2"]
[White "Gordievsky, Dmitry"]
[Black "Mareco, Sandro"]
[Result "0-1"]
[WhiteTitle "GM"]
[BlackTitle "GM"]
[WhiteElo "2630"]
[BlackElo "2635"]
[WhiteFideId "24112798"]
[BlackFideId "112275"]
[EventDate "2018.03.10"]

1. Nf3 d5 2. g3 c5 3. Bg2 e6 4. O-O Nf6 5. c4 d4 6. e3 Nc6 7. exd4 cxd4 8. d3
Bd6 9. Bg5 h6 10. Bxf6 Qxf6 11. Nbd2 Qe7 12. Nb3 O-O 13. Re1 Qf6 14. Nfd2 Bd7
15. a3 Rfd8 16. Ne4 Qe7 17. Nxd6 Qxd6 18. Nd2 a5 19. Ne4 Qc7 20. Rb1 Ne5 21. f4
Ng6 22. Rf1 Ne7 23. g4 Ng6 24. f5 Nf4 25. Qf3 e5 26. Bh1 Ra6 27. h3 g6 28. fxg6
Rxg6 29. Kh2 Bc6 30. Rbd1 Qe7 31. Qf2 Kh8 32. b4 Rdg8 33. Bf3 h5 34. gxh5 Rg3
35. Qxg3 Rxg3 36. Nxg3 Bd7 37. Ne4 Bxh3 38. Bg2 Bxg2 39. Rxf4 exf4 40. Kxg2 f5 0-1

[Event "8th HD Bank Cup 2018"]
[Site "Hanoi VIE"]
[Date "2018.03.14"]
[Round "7.3"]
[White "Le, Quang Liem"]
[Black "Rozum, Ivan"]
[Result "1-0"]
[WhiteTitle "GM"]
[BlackTitle "GM"]
[WhiteElo "2736"]
[BlackElo "2582"]
[WhiteFideId "12401137"]
[BlackFideId "24104272"]
[EventDate "2018.03.10"]

1. e4 c6 2. d4 d5 3. e5 Bf5 4. Nf3 e6 5. Be2 c5 6. Be3 Qb6 7. Nc3 Nc6 8. Na4
Qa5+ 9. c3 cxd4 10. Nxd4 Nxd4 11. Bxd4 Ne7 12. Qb3 Qc7 13. Nc5 O-O-O 14. Qa4 Nc6
15. O-O Bxc5 16. Bxc5 Qxe5 17. Bb5 Qc7 18. Bxa7 e5 19. Bc5 Rhe8 20. Rad1 Re6 21.
Rfe1 Kb8 22. f3 f6 23. b4 b6 24. Bf2 Na7 25. Bf1 Rc6 26. c4 dxc4 27. Rxd8+ Qxd8
28. b5 Rd6 29. Qxc4 Bd3 30. Bxd3 Rxd3 31. f4 Rd1 32. fxe5 fxe5 33. Qe2 Rxe1+ 34.
Qxe1 Qd5 35. Bg3 Qc5+ 36. Kh1 Nxb5 37. Bxe5+ Kb7 38. Bxg7 Qc4 39. h3 Nc7 40. Qb1
Ne6 41. Bh6 Kc6 42. a3 Qh4 43. Be3 Nc5 44. Kh2 Qe7 45. Bf4 Ne4 46. a4 Nf6 47.
Qb5+ Kb7 48. Qf5 Ne4 49. Qd5+ Ka7 50. a5 bxa5 51. Be5 Qb7 52. Qxa5+ Qa6 53. Bb8+
Kb7 54. Qc7+ Ka8 55. Qxh7 Kxb8 56. Qxe4 Qd6+ 57. g3 Qd2+ 58. Kg1 Kc8 59. h4 Kd8
60. Qe5 Qd1+ 61. Kg2 Qd2+ 62. Kf3 Qd1+ 63. Kf4 Qd2+ 64. Kf5 Qc2+ 65. Kf6 Qc6+
66. Kg7 Qb7+ 67. Kg6 Qb1+ 68. Qf5 Qe1 69. g4 Qe8+ 70. Kg7 Qe7+ 71. Qf7 Qe4 72.
Qf6+ Kc7 73. Kh6 1-0

[Event "8th HD Bank Cup 2018"]
[Site "Hanoi VIE"]
[Date "2018.03.14"]
[Round "7.4"]
[White "Nguyen, Anh Khoi"]
[Black "Nguyen, Ngoc Truong Son"]
[Result "1/2-1/2"]
[WhiteTitle "IM"]
[BlackTitle "GM"]
[WhiteElo "2435"]
[BlackElo "2630"]
[WhiteFideId "12404675"]
[BlackFideId "12401110"]
[EventDate "2018.03.10"]

1. d4 d5 2. c4 c6 3. Nf3 Nf6 4. Nc3 e6 5. g3 dxc4 6. Bg2 Nbd7 7. a4 Be7 8. O-O
O-O 9. a5 Bb4 10. Qa4 Qe7 11. Bg5 b5 12. axb6 Nxb6 13. Bxf6 gxf6 14. Qxc6 Bd7
15. Qe4 a5 16. Qc2 a4 17. e4 Ra5 18. Ne2 e5 19. Nh4 Rfa8 20. Nf5 Bxf5 21. exf5
Rd8 22. Rfd1 a3 23. bxa3 Rxa3 24. Rab1 exd4 25. Nxd4 Rd3 26. Nc6 Rxd1+ 27. Rxd1
Rxd1+ 28. Qxd1 1/2-1/2

[Event "8th HD Bank Cup 2018"]
[Site "Hanoi VIE"]
[Date "2018.03.14"]
[Round "7.6"]
[White "Karthikeyan, P."]
[Black "Karthikeyan, Murali"]
[Result "0-1"]
[WhiteTitle "IM"]
[BlackTitle "GM"]
[WhiteElo "2473"]
[BlackElo "2592"]
[WhiteFideId "5018226"]
[BlackFideId "5074452"]
[EventDate "2018.03.10"]

1. d4 Nf6 2. c4 g6 3. g3 Bg7 4. Bg2 O-O 5. Nc3 d6 6. Nf3 Nbd7 7. O-O e5 8. Qc2
c6 9. Rd1 Qe7 10. e4 Nb6 11. b3 Bg4 12. dxe5 dxe5 13. a4 Rfd8 14. Ba3 Qe8 15. a5
Nbd7 16. Na4 Bf8 17. c5 Nh5 18. Bb2 Ng7 19. Rxd7 Bxd7 20. Nxe5 Be6 21. f4 f6 22.
Nf3 Qe7 23. Nd4 Bf7 24. f5 gxf5 25. a6 Rac8 26. Rf1 bxa6 27. e5 Rxd4 28. Bxd4
fxe5 29. Bc3 Rb8 30. Rb1 e4 31. Bh3 Qe6 32. b4 a5 33. bxa5 Rxb1+ 34. Qxb1 Qb3
35. Qa1 Qc2 36. Bd4 Bb3 37. Nb6 Ne6 38. Nd7 Qd3 39. Nf6+ Kf7 40. Bf2 Bg7 0-1

[Event "8th HD Bank Cup 2018"]
[Site "Hanoi VIE"]
[Date "2018.03.14"]
[Round "7.7"]
[White "Sethuraman, S.P."]
[Black "Santiago, Yago De Moura"]
[Result "0-1"]
[WhiteTitle "GM"]
[BlackTitle "GM"]
[WhiteElo "2649"]
[BlackElo "2473"]
[WhiteFideId "5021596"]
[BlackFideId "2103877"]
[EventDate "2018.03.10"]

1. Nf3 Nf6 2. c4 e6 3. g3 d5 4. d4 Bb4+ 5. Bd2 Be7 6. Bg2 O-O 7. O-O c6 8. Bf4
Nbd7 9. Nc3 Nh5 10. Bc1 f5 11. b3 Bd6 12. Bb2 Qe7 13. e3 Nhf6 14. Ne2 b6 15. Ne5
Bb7 16. Nf4 Ne4 17. Rc1 Rac8 18. Qe2 Rfd8 19. Rfd1 Ndf6 20. f3 Ng5 21. c5 Bxe5
22. dxe5 Nd7 23. b4 Nf7 24. e4 Nfxe5 25. exf5 exf5 26. Re1 Re8 27. Bd4 Qf7 28.
Qb2 Nc4 29. Qc3 bxc5 30. bxc5 Nf8 31. Bf1 Ba6 32. a4 Rc7 33. Nd3 Rce7 34. Rxe7
Rxe7 35. Ne5 Nxe5 36. Bxa6 Neg6 37. Rb1 h5 38. Rb8 Kh7 39. Bd3 Ne6 40. Bf2 Ng5
41. Kg2 h4 42. Qc2 h3+ 43. Kf1 Nxf3 44. Bxf5 Nd2+ 45. Kg1 Ne4 46. Bxh3 Ne5 47.
Rb3 Nf3+ 48. Kg2 Nd2 49. Bd4 Qf1# 0-1

[Event "8th HD Bank Cup 2018"]
[Site "Hanoi VIE"]
[Date "2018.03.14"]
[Round "7.8"]
[White "Harsha, Bharathakoti"]
[Black "Wen, Yang"]
[Result "1/2-1/2"]
[WhiteTitle "IM"]
[BlackTitle "GM"]
[WhiteElo "2443"]
[BlackElo "2608"]
[WhiteFideId "5078776"]
[BlackFideId "8602956"]
[EventDate "2018.03.10"]

1. d4 d6 2. Nf3 g6 3. g3 Bg7 4. Bg2 Nd7 5. c4 e5 6. Nc3 Ne7 7. O-O O-O 8. e4
exd4 9. Nxd4 Nc6 10. Nde2 a5 11. h3 a4 12. Be3 Nc5 13. Nd4 Bd7 14. Re1 Re8 15.
Rb1 Nb4 16. Kh2 h5 17. Re2 h4 18. g4 Ne6 19. Qd2 Bxd4 20. Bxd4 Nc2 21. Bh8 Kxh8
22. Qh6+ Kg8 23. Rxc2 Bc6 24. Nd5 Bxd5 25. cxd5 Ng5 26. f3 Qf6 27. Kh1 Nxf3 28.
Rf1 Qg5 29. Qxg5 Nxg5 30. Rxc7 Rac8 31. Rxb7 Rc2 32. Kg1 Rec8 33. Rf2 Rxf2 34.
Kxf2 Rc2+ 35. Kf1 Kg7 36. Rb6 Kf6 37. Rxd6+ Ke5 38. Rb6 Kf4 39. d6 Ke3 40. Kg1
Rc1+ 41. Kh2 Rc2 42. Kg1 Rc1+ 43. Kh2 Rc2 1/2-1/2

[Event "8th HD Bank Cup 2018"]
[Site "Hanoi VIE"]
[Date "2018.03.14"]
[Round "7.9"]
[White "Pichot, Alan"]
[Black "Raghunandan, Kaumandur Srihari"]
[Result "1-0"]
[WhiteTitle "GM"]
[BlackTitle "IM"]
[WhiteElo "2558"]
[BlackElo "2412"]
[WhiteFideId "110973"]
[BlackFideId "25004964"]
[EventDate "2018.03.10"]

1. e4 c5 2. Nf3 d6 3. d4 cxd4 4. Nxd4 Nf6 5. Nc3 a6 6. a4 e5 7. Nf3 Be7 8. Bc4
Be6 9. Qe2 Qc7 10. Bb3 Nc6 11. Bg5 O-O 12. O-O Rac8 13. Rfd1 Nb4 14. Bxf6 Bxf6
15. Ne1 Rfd8 16. a5 Nc6 17. Nd5 Bxd5 18. Rxd5 Nd4 19. Qd1 Nc6 20. Ra4 b5 21.
axb6 Qxb6 22. Nf3 Nb4 23. Rd2 d5 24. c3 Nd3 25. Rxd3 dxe4 26. Rxe4 Rxd3 27.
Bxf7+ Kxf7 28. Qxd3 Rd8 29. Qe2 Qb5 30. Qxb5 axb5 31. g4 Ke6 32. g5 Kf5 33. Re3
Bxg5 34. Nxg5 Kxg5 35. Rxe5+ Kg4 36. Rxb5 g5 37. Kg2 Kh4 38. Rb4+ g4 39. Rd4 1-0

[Event "8th HD Bank Cup 2018"]
[Site "Hanoi VIE"]
[Date "2018.03.14"]
[Round "7.10"]
[White "Li, Yankai"]
[Black "Krysa, Leandro"]
[Result "0-1"]
[BlackTitle "GM"]
[WhiteElo "2434"]
[BlackElo "2548"]
[WhiteFideId "8609357"]
[BlackFideId "116807"]
[EventDate "2018.03.10"]

1. d4 Nf6 2. c4 g6 3. Nc3 d5 4. Nf3 Bg7 5. h4 c6 6. Bg5 Bg4 7. Qb3 Nbd7 8. Qxb7
O-O 9. Qxc6 Rb8 10. cxd5 Rxb2 11. Bd2 Qb8 12. Rc1 Rc8 13. Qa6 Nb6 14. Ne5 Nfxd5
15. Nd3 Rxd2 16. Kxd2 Bh6+ 17. e3 Nxe3 18. Be2 Nxg2+ 19. Kd1 Bxc1 20. Nxc1 Rxc3
21. Bxg4 Qf4 0-1

[Event "8th HD Bank Cup 2018"]
[Site "Hanoi VIE"]
[Date "2018.03.14"]
[Round "7.11"]
[White "Lei, Tingjie"]
[Black "Bui, Vinh"]
[Result "1-0"]
[WhiteTitle "GM"]
[BlackTitle "GM"]
[WhiteElo "2545"]
[BlackElo "2400"]
[WhiteFideId "8605114"]
[BlackFideId "12400726"]
[EventDate "2018.03.10"]

1. e4 c5 2. Nf3 e6 3. d4 cxd4 4. Nxd4 a6 5. Bd3 Bc5 6. Nb3 Be7 7. Qg4 g6 8. Qe2
d6 9. O-O Nd7 10. c4 b6 11. Nc3 Bb7 12. f4 Qc7 13. Be3 Ngf6 14. Rac1 O-O 15. Nd2
Rac8 16. h3 Rfe8 17. Qf2 Bf8 18. b4 d5 19. e5 Ne4 20. Bxe4 dxe4 21. a3 a5 22.
Rb1 axb4 23. axb4 Ba6 24. Ndxe4 Qxc4 25. Rfd1 Red8 26. Qh4 Bg7 27. Bxb6 Bb7 28.
Rd4 Bxe4 29. Rxc4 Bxb1 30. Qxd8+ Rxd8 31. Bxd8 1-0

[Event "8th HD Bank Cup 2018"]
[Site "Hanoi VIE"]
[Date "2018.03.14"]
[Round "7.12"]
[White "Pascua, Haridas"]
[Black "Sivuk, Vitaly"]
[Result "1/2-1/2"]
[WhiteTitle "IM"]
[BlackTitle "GM"]
[WhiteElo "2431"]
[BlackElo "2526"]
[WhiteFideId "5203953"]
[BlackFideId "14116502"]
[EventDate "2018.03.10"]

1. c4 g6 2. Nf3 Bg7 3. d4 d6 4. g3 Nc6 5. d5 Ne5 6. Nxe5 Bxe5 7. Bg2 Bg7 8. Qc2
Nf6 9. Nc3 O-O 10. Bg5 Bd7 11. O-O c6 12. c5 dxc5 13. dxc6 Bxc6 14. Bxc6 bxc6
15. Bxf6 Bxf6 16. Ne4 Qa5 17. Rfc1 Rab8 18. Nxf6+ exf6 19. b3 Rfd8 20. Kg2 Rd5
21. e4 Rh5 22. Rd1 f5 23. Rd6 Qb4 24. exf5 Qg4 25. Kg1 Qh3 26. f4 Rxf5 27. Rad1
Re8 28. Rd8 Rxd8 29. Rxd8+ Kg7 30. Qe4 Rh5 31. Rd2 Qf5 32. Qxc6 Qb1+ 33. Kg2 Qe1
34. Qd6 Qe4+ 35. Kg1 c4 36. Qd4+ Qxd4+ 37. Rxd4 cxb3 38. axb3 Rb5 39. b4 a5 40.
bxa5 Rxa5 1/2-1/2

[Event "8th HD Bank Cup 2018"]
[Site "Hanoi VIE"]
[Date "2018.03.14"]
[Round "7.13"]
[White "Vishnu Prasanna, V"]
[Black "Mithil, Ajgaonkar"]
[Result "1-0"]
[WhiteTitle "GM"]
[WhiteElo "2526"]
[BlackElo "2222"]
[WhiteFideId "5030692"]
[BlackFideId "5017343"]
[EventDate "2018.03.10"]

1. c4 c6 2. Nf3 d5 3. e3 Nf6 4. Nc3 e6 5. d4 Nbd7 6. Qc2 Be7 7. b3 b6 8. Bd3 Bb7
9. O-O O-O 10. Bb2 h6 11. Rad1 Qc7 12. Qe2 Rad8 13. Rd2 c5 14. cxd5 Nxd5 15.
Nxd5 Bxd5 16. Rc1 Qb8 17. Bb1 Rfe8 18. dxc5 Nxc5 19. Ne5 Bf6 20. Qh5 Rf8 21. f3
Bb7 22. Rcd1 Rxd2 23. Rxd2 Qc8 24. h4 a5 25. Rd4 Qc7 26. Ng4 Bxd4 27. Bxd4 f5
28. Nxh6+ Kh7 29. Nxf5+ Kg8 30. Nh6+ Kh8 31. Nf7+ Kg8 32. Bh7# 1-0

[Event "8th HD Bank Cup 2018"]
[Site "Hanoi VIE"]
[Date "2018.03.14"]
[Round "7.14"]
[White "Pham, Chuong"]
[Black "Tran, Tuan Minh"]
[Result "1/2-1/2"]
[WhiteTitle "IM"]
[BlackTitle "GM"]
[WhiteElo "2393"]
[BlackElo "2522"]
[WhiteFideId "12401218"]
[BlackFideId "12401820"]
[EventDate "2018.03.10"]

1. d4 Nf6 2. c4 e6 3. g3 c5 4. d5 exd5 5. cxd5 d6 6. Nc3 g6 7. Bg2 Bg7 8. Nf3
O-O 9. O-O Re8 10. Bf4 Na6 11. Re1 Bf5 12. Nh4 Bd7 13. Qd2 Qb6 14. e4 c4 15. Nf3
Nc5 16. e5 Ng4 17. e6 fxe6 18. dxe6 Nxe6 19. Bxd6 Bc6 20. h3 Bxf3 21. Bxf3 Nxf2
22. Nd5 Ne4+ 23. Nxb6 Nxd2 24. Bd5 axb6 25. Rad1 Nf3+ 26. Bxf3 Rad8 27. Ba3 Rxd1
28. Rxd1 b5 29. Re1 Kf7 30. Bxb7 Rd8 31. Bc6 Nd4 32. Be4 Ne6 33. Bc6 b4 34. Bxb4
Bxb2 35. Be4 Nd4 36. Bc5 c3 37. Bxd4 Rxd4 38. Bc2 Kf6 39. Kf2 Ba3 40. Rd1 Rc4
41. Ke2 Rc7 42. Rd4 Ke5 43. Kd3 Bb2 44. Re4+ Kf5 45. Rf4+ Ke5 46. Re4+ Kf6 47.
Rf4+ Kg7 48. a4 g5 49. Rd4 Ra7 1/2-1/2

[Event "8th HD Bank Cup 2018"]
[Site "Hanoi VIE"]
[Date "2018.03.14"]
[Round "7.15"]
[White "Chen, Qi b"]
[Black "Xu, Yi"]
[Result "1/2-1/2"]
[BlackTitle "IM"]
[WhiteElo "2359"]
[BlackElo "2499"]
[WhiteFideId "8614733"]
[BlackFideId "8605564"]
[EventDate "2018.03.10"]

1. e4 c6 2. d4 d5 3. e5 Bf5 4. h4 a6 5. Nc3 h5 6. Nge2 e6 7. Ng3 Bg6 8. Bg5 f6
9. exf6 gxf6 10. Be3 Bd6 11. Bd3 Bf7 12. Qd2 Qc7 13. Nce2 Ne7 14. c4 dxc4 15.
Bxc4 Nd5 16. a3 Nd7 17. Bxd5 cxd5 18. Rc1 Qd8 19. Bf4 Nb6 20. Bxd6 Qxd6 1/2-1/2

[Event "8th HD Bank Cup 2018"]
[Site "Hanoi VIE"]
[Date "2018.03.14"]
[Round "7.16"]
[White "Saduakassova, Dinara"]
[Black "Tran, Minh Thang"]
[Result "0-1"]
[WhiteTitle "IM"]
[BlackTitle "IM"]
[WhiteElo "2479"]
[BlackElo "2366"]
[WhiteFideId "13700090"]
[BlackFideId "12401080"]
[EventDate "2018.03.10"]

1. Nf3 d5 2. d4 Nf6 3. c4 c6 4. e3 Bf5 5. Nc3 e6 6. Nh4 Be4 7. f3 Bg6 8. Qb3 Qc7
9. Nxg6 hxg6 10. Bd2 dxc4 11. Bxc4 a6 12. f4 b5 13. Bd3 c5 14. dxc5 Nbd7 15. Ne4
Nxc5 16. Nxc5 Bxc5 17. Qc2 Qb6 18. Ke2 O-O 19. Rhc1 Rac8 20. b4 Qb7 21. bxc5
Qxg2+ 22. Ke1 Ng4 23. Ba5 Qg1+ 24. Bf1 Rxc5 25. Qe2 Rh5 26. Qg2 Qxe3+ 27. Qe2
Qxf4 28. Bc7 Ne5 29. Bg2 Rf5 30. Rc3 Qh4+ 31. Rg3 Qb4+ 32. Qd2 Qc5 33. Be4 Nc4
34. Qc2 Qxc7 35. Bxf5 Qe5+ 0-1

[Event "8th HD Bank Cup 2018"]
[Site "Hanoi VIE"]
[Date "2018.03.14"]
[Round "7.17"]
[White "Zou, Chen"]
[Black "Nguyen, Duc Hoa"]
[Result "1-0"]
[WhiteTitle "FM"]
[BlackTitle "GM"]
[WhiteElo "2291"]
[BlackElo "2463"]
[WhiteFideId "8610959"]
[BlackFideId "12401358"]
[EventDate "2018.03.10"]

1. e4 c5 2. Nf3 e6 3. d4 cxd4 4. Nxd4 Nc6 5. Nc3 Qc7 6. Be3 a6 7. Qd2 Be7 8.
O-O-O Nf6 9. f3 Nxd4 10. Qxd4 d6 11. g4 O-O 12. h4 b5 13. g5 Nh5 14. Ne2 Bb7 15.
Bh3 Rac8 16. Qd2 d5 17. e5 d4 18. Nxd4 Rfd8 19. Bg4 Nf4 20. Kb1 Nd5 21. g6 hxg6
22. Bg5 Qxe5 23. Rde1 Bxg5 24. hxg5 Qf4 25. Qf2 Ne3 26. Nxe6 Nxg4 27. Rh8+ Kxh8
28. Qh4+ Kg8 29. Nxf4 Bxf3 30. Qg3 Bd1 31. c3 Rd2 32. Rh1 Nf2 33. Rh2 Ba4 34. b3
b4 35. Rxf2 bxc3 36. Kc1 Rxf2 37. Qxf2 Bc6 38. Qd4 Bf3 39. Nd5 1-0

[Event "8th HD Bank Cup 2018"]
[Site "Hanoi VIE"]
[Date "2018.03.14"]
[Round "7.18"]
[White "Deepan, Chakkravarthy J."]
[Black "Hoang, Canh Huan"]
[Result "0-1"]
[WhiteTitle "GM"]
[BlackTitle "FM"]
[WhiteElo "2520"]
[BlackElo "2402"]
[WhiteFideId "5011132"]
[BlackFideId "12400599"]
[EventDate "2018.03.10"]

1. c4 Nf6 2. Nc3 e6 3. e4 d5 4. e5 d4 5. exf6 dxc3 6. fxg7 cxd2+ 7. Bxd2 Bxg7 8.
Qc2 Bd7 9. Nf3 Qe7 10. Be2 Nc6 11. Bc3 Bxc3+ 12. Qxc3 O-O-O 13. c5 e5 14. O-O
Rhg8 15. Rfe1 e4 16. Bb5 Bg4 17. Nd2 f5 18. Bxc6 bxc6 19. Qa5 Rd5 20. Qxa7 Qg5
21. h4 Qg7 22. Nc4 Bf3 23. g3 f4 24. Qa8+ Kd7 25. Qb7 Qd4 26. Nb6+ Ke6 27. Re3
fxe3 28. Qxc6+ Rd6 29. cxd6 exf2+ 0-1